Mawar putih untuk ibu (Record no. 133166)

MARC details
000 -LEADER
fixed length control field 00737nam a2200265 i 4500
001 - CONTROL NUMBER
control field C2-0334733
003 - CONTROL NUMBER IDENTIFIER
control field PPAK
005 - DATE AND TIME OF LATEST TRANSACTION
control field 20180728134452.0
008 - FIXED-LENGTH DATA ELEMENTS--GENERAL INFORMATION
fixed length control field 151115s2015 my a|||| ||||| | may d
020 ## - INTERNATIONAL STANDARD BOOK NUMBER
International Standard Book Number 9789674491116
040 ## - CATALOGING SOURCE
Original cataloging agency PPAK
Language of cataloging eng
Transcribing agency PPAK
Description conventions rda
082 04 - DEWEY DECIMAL CLASSIFICATION NUMBER
Classification number 899.233
Edition number 23
090 00 - LOCALLY ASSIGNED LC-TYPE CALL NUMBER (OCLC); LOCAL CALL NUMBER (RLIN)
Classification number (OCLC) (R) ; Classification number, CALL (RLIN) (NR) 899.233
Feature heading NUR
Feature heading K
100 0# - MAIN ENTRY--PERSONAL NAME
Personal name Nur Suhada Sayuti,
Relator term author
245 10 - TITLE STATEMENT
Title Mawar putih untuk ibu
264 #1 - PRODUCTION, PUBLICATION, DISTRIBUTION, MANUFACTURE, AND COPYRIGHT NOTICE
Place of production, publication, distribution, manufacture Kuala Lumpur :
Name of producer, publisher, distributor, manufacturer Ana Muslim ,
Date of production, publication, distribution, manufacture, or copyright notice 2015
300 ## - PHYSICAL DESCRIPTION
Extent 128 pages :
Other physical details illustrations ;
Dimensions 17 cm
336 ## - CONTENT TYPE
Source rdacontent
Content type term text
337 ## - MEDIA TYPE
Source rdamedia
Media type term unmediated
338 ## - CARRIER TYPE
Source rdacarrier
Carrier type term volume
490 1# - SERIES STATEMENT
Series statement Siri citra cendekia
650 10 - SUBJECT ADDED ENTRY--TOPICAL TERM
Topical term or geographic name entry element Children's stories, Malay.
830 #0 - SERIES ADDED ENTRY--UNIFORM TITLE
Uniform title Siri citra cendekia
942 ## - ADDED ENTRY ELEMENTS (KOHA)
-- dc
Koha item type Book
Holdings
Withdrawn Not for loan Current library Shelving location Date acquired Total Checkouts Full call number Barcode Date last seen Date last checked out Koha item type Total Renewals
    Perpustakaan Bandar Baharu Pinjaman Kanak-kanak 25/11/2015   K 899.233 NUR A01473573 09/05/2018   Book  
    Perpustakaan Jitra Pinjaman Kanak-kanak 25/11/2015   K 899.233 NUR A01473570 09/05/2018   Book  
    Perpustakaan Kulim Pinjaman Kanak-kanak 25/11/2015 6 K 899.233 NUR A01473571 17/12/2023 18/11/2023 Book 1
    Perpustakaan Langkawi Pinjaman Kanak-kanak 25/11/2015 1 K 899.233 NUR A01473569 28/05/2019 27/05/2019 Book  
    Perpustakaan Merbok Pinjaman Kanak-kanak 25/11/2015 2 K 899.233 NUR A01473572 13/07/2024 06/07/2024 Book  
    Perpustakaan Sik Pinjaman Kanak-kanak 25/11/2015   K 899.233 NUR A01473574 09/05/2018   Book